UBT Library

THE MEDIEVAL PERIOD (Record no. 19332)

000 -LEADER
fixed length control field 00291nam a22001337a 4500
008 - FIXED-LENGTH DATA ELEMENTS--GENERAL INFORMATION
fixed length control field 170628b xxu||||| |||| 00| 0 eng d
020 ## - INTERNATIONAL STANDARD BOOK NUMBER
International Standard Book Number 9781551119656
041 ## - LANGUAGE CODE
Language code of text/sound track or separate title eng
080 ## - UNIVERSAL DECIMAL CLASSIFICATION NUMBER
Edition identifier 2ND
Universal Decimal Classification number 82
100 ## - Rafti
Rafti 21
101 ## - Shkurtesa
Shkurtesa GJL
245 ## - TITLE STATEMENT
Title THE MEDIEVAL PERIOD
Statement of responsibility, etc BLACK, J
942 ## - ADDED ENTRY ELEMENTS (KOHA)
Source of classification or shelving scheme
Item type Books
Holdings
Withdrawn status Lost status Source of classification or shelving scheme Damaged status Not for loan Collection code Permanent location Current location Shelving location Date acquired Total Checkouts Full call number Barcode Date last seen Price effective from Koha item type
          Koleksioni i përgjithshem UBT - Lipjan UBT - Lipjan Koleksioni i përgjithshem 06/28/2017   82 BLA 002-2907316 06/28/2017 06/28/2017 Books
UBT Library © 2015-2024. All rights reserved University Education for Business and Technology